| 000 | 00000cas 2200000za 4500 |
| 001 | 9.846319 |
| 003 | CaOODSP |
| 005 | 20260220144204 |
| 007 | cr ||||||||||| |
| 008 | 171030c20149999oncar p o s f0 b0fre|d |
| 022 | |a2563-5867 |
| 040 | |aCaOODSP|bfre |
| 043 | |an-cn--- |
| 086 | 1 |aM2-17F-PDF|zM4-113/2014F-PDF|zM4-113/2014-1F-PDF|zM4-113/2016F-PDF|zM4-113/2017F-PDF |
| 222 | 0|a10 faits sur les ressources naturelles au Canada |
| 245 | 00|a10 faits sur les ressources naturelles au Canada |h[ressource électronique]. |
| 246 | 3 |aDix faits sur les ressources naturelles au Canada |
| 260 | |a[Ottawa] : |bRessources naturelles Canada, |c2014- |
| 310 | |aAnnuel |
| 362 | 1 |aParaît depuis 2014? |
| 500 | |aPubl. aussi en anglais sous le titre : 10 key facts on Canada's natural resources. |
| 520 | 2 |a« Le Canada a la chance d’avoir d’abondantes ressources naturelles, ressources qui contribuent grandement à l’économie nationale. Les industries de ressources naturelles jouent un rôle important dans la création d’emplois, la croissance économique et la prospérité des Canadiens. Vous trouverez ci-dessous diverses informations clés montrant l’importance du secteur des ressources naturelles pour l’économie canadienne. »--Fournis par l'éditeur. |
| 692 | 07|2gccst|aRessources naturelles |
| 692 | 07|2gccst|aExploitation des ressources |
| 710 | 1 |aCanada. |bRessources naturelles Canada. |
| 775 | 08|t10 key facts on Canada's natural resources |w(CaOODSP)9.846315 |